| 000 | 00725nam a2200229 a 4500 | ||
|---|---|---|---|
| 999 |
_c11925 _d11925 |
||
| 001 | 11925 | ||
| 003 | BD-JhCC | ||
| 005 | 20220524134021.0 | ||
| 008 | 201201b20172019bg a|||| ||a| 000 0 ben d | ||
| 020 | _a9789849298212 | ||
| 035 | _a(BD-JhCC)11925 | ||
| 040 |
_aBD-JhCC _dBD-JhCC |
||
| 041 | _aben | ||
| 082 |
_a891.7 _bMIL 2019 |
||
| 100 | _aমিলন, কায়কোবাদ | ||
| 245 |
_aমোসাদ - ২ / _cকায়কোবাদ মিলন । |
||
| 260 |
_aঢাকা: _bআবিষ্কার ; _c২০১৯. |
||
| 300 |
_a224 p. : _bill; _c22 cm. |
||
| 650 |
_aSecret service _vBangladesh _xIntelligence service _zSherut ha-biṭaḥon ha-kelali |
||
| 942 |
_2ddc _cBK _06 |
||